| 000 -LEADER |
| fixed length control field |
00453cam a22001337a 4500 |
| 008 - FIXED-LENGTH DATA ELEMENTS--GENERAL INFORMATION |
| fixed length control field |
180718b1987 xxu||||| |||| 00| 0 eng d |
| 082 ## - DEWEY DECIMAL CLASSIFICATION NUMBER |
| Classification number |
T2196 In8s/1987 |
| 245 ## - TITLE STATEMENT |
| Title |
Small enterprise development: policies and programme |
| Statement of responsibility, etc. |
edited by Philip A. Neck and Robert E. Nelson |
| 260 ## - PUBLICATION, DISTRIBUTION, ETC. |
| Place of publication, distribution, etc. |
Geneva |
| Name of publisher, distributor, etc. |
International Labour Office |
| Date of publication, distribution, etc. |
1987 |
| 300 ## - PHYSICAL DESCRIPTION |
| Extent |
282+p |
| 440 ## - SERIES STATEMENT/ADDED ENTRY--TITLE |
| Title |
Management Development Series, 14 |
| 700 ## - ADDED ENTRY--PERSONAL NAME |
| Personal name |
Nelson, Robert E. |
| 700 ## - ADDED ENTRY--PERSONAL NAME |
| Personal name |
Neck, Philip A. |